000 00743nmc a2200265 a 4500
003 AR-BaBNM
005 20251128211153.0
008 073020s1977 ||||||||||||||000 | spa||
040 _cAR-BaBNM
100 1 _aHarbison, Frederick H.
245 1 0 _aRecursos humanos como riqueza de las naciones
260 _aBuenos Aires
_bEl Ateneo
_c1977
300 _axiii, 141 p.
_bgráfs., tablas
490 0 _aBiblioteca de Ciencias Económicas. Economía
650 4 _aSOCIOLOGIA ECONOMICA
650 4 _aECONOMISTAS
650 4 _aTRABAJO
650 4 _aRECURSOS HUMANOS
650 4 _aRELACIONES LABORALES
650 4 _aECONOMIA
650 4 _aFACTORES DE PRODUCCION
800 1 _aFrischknecht, Federico
942 _cBK
998 _cMariana
999 _c18555
_d18555